00000000nam##2200000za#4500
0019.692328
003CaOODSP
00520210624233151
007cr |||||||||||
008150407|2009||||xxc|||||o    f|0| 0 eng|d
040 |aCaOODSP|beng
043 |an-cn---
0861 |aHS24-50/2008E-PDF
1101 |aCanada. |bHuman Resources and Skills Development Canada. |bLabour Program.
24510|aWork stoppages in the federal private sector - innovative solutions / |h[electronic resource]|c[by] Peter Annis.
2461 |iTitle also cited as : |aFocused study on the causes and impact of work stoppages in the federal private sector.
260 |aOttawa - Ontario : |bHuman Resources and Skills Development Canada. |c[2008].
300 |a227p.|bgraphs, tables
504 |aBibliography.
590 |a09-26|b2009-06-26
7201 |aAnnis, Peter
77508|tLes arrêts de travail dans le secteur privé de compétence fédérale - des solutions innovatrices / |w(CaOODSP)9.636593
85640|ahttp://publications.gc.ca|qPDF|s1452 KB|uhttps://publications.gc.ca/collections/collection_2009/rhdcc-hrsdc/HS24-50-2008E.pdf